Quando Viene Dicembre (Anastasia) - Testo completo - Statistics

Statistiche generali
  • Questo quiz è stato fatto 34 volte
  • Il punteggio medio è 58 su 69
Statistiche sulle risposte
Risposta % Corretto
di
100%
di
100%
dicembre.
100%
dicembre.
100%
quando
100%
quando
100%
viene
100%
viene
100%
e
97%
è
97%
il
97%
il
97%
il
97%
il
97%
che
90%
un
90%
un
90%
un
90%
un
90%
un
90%
balli,
86%
come
86%
come
86%
lo
86%
sempre
86%
sempre...
86%
attimo,
83%
attimo,
83%
cavalli
83%
cavalli
83%
dei
83%
dei
83%
mio
83%
ricordo
83%
ricordo
83%
Sembra
83%
Sembra
83%
canto
79%
canto
79%
ed
79%
ed
79%
ed
79%
fantasia,
79%
Festa
79%
quella
79%
quella
79%
tempo
79%
via
79%
via...
79%
via...
79%
allora
76%
capirò
76%
cuore
76%
Forse
76%
giorno
76%
melodia
76%
melodia,
76%
portò
76%
sente...
76%
tornerò,
76%
vola
76%
vola
76%
mia...
72%
nella
72%
memoria
69%
s'impennano,
69%
s'impennano,
69%
torna
69%
sento
62%
Nessun quiz corrispondente trovato
Distribuzione punteggi
Percentuale di utenti per punteggio
Percentile per numero di risposta
I tuoi punteggi nel tempo
Non hai fatto questo quiz